Los Romances de América y otros estudios / (Record no. 102292)

MARC details
000 -LEADER
campo de control de longitud fija 00518nam a2200169 i 4500
001 - NÚMERO DE CONTROL
campo de control 102292
003 - IDENTIFICADOR DE NÚMERO DE CONTROL
campo de control ES-MaACL
005 - FECHA Y HORA DE LA ÚLTIMA TRANSACCIÓN
campo de control 20231227062633.0
007 - CAMPO FIJO DE DESCRIPCIÓN FÍSICA--INFORMACIÓN GENERAL
campo de control de longitud fija t|
008 - DATOS DE LONGITUD FIJA--INFORMACIÓN GENERAL
campo de control de longitud fija 051108s1939 ag ||||1| spa d
100 1# - ENTRADA PRINCIPAL--NOMBRE DE PERSONA
Nombre de persona Menéndez Pidal, Ramón,
Fechas asociadas al nombre 1869-1968
9 (RLIN) 80315
245 14 - MENCIÓN DEL TÍTULO
Título Los Romances de América y otros estudios /
Mención de responsabilidad, etc. Ramón Menéndez Pidal.
260 ## - PUBLICACIÓN, DISTRIBUCIÓN, ETC.
Lugar de publicación, distribución, etc. Buenos Aires :
Nombre del editor, distribuidor, etc. Cia. Gral. Fabril Financiera,
Fecha de publicación, distribución, etc. 1939.
300 ## - DESCRIPCIÓN FÍSICA
Extensión 190 p. ;
Dimensiones 18 cm.
852 ## - LOCALIZACIÓN
Ubicación ES-MaACL
Número de control de estantería A-5354
Sublocalización o colección R.18327
Holdings
Estatus retirado Estado de pérdida Estado de daño No para préstamo Biblioteca de origen Biblioteca actual Ubicación en estantería Fecha de adquisición Fuente de adquisición Total de préstamos Signatura topográfica completa Código de barras Visto por última vez Precio de reemplazo Tipo de ítem Koha
        Biblioteca del Ateneo de Madrid Biblioteca del Ateneo de Madrid Sala Pecera Planta 1 17/01/2008     A-5354 1106778 23/02/2023 23/02/2023 Libro impreso